Name the Taylor Swift Song from one line - TTPD - Statistics

General Stats
  • This quiz has been taken 341 times
  • The average score is 13 of 16
Answer Stats
Line Song % Correct
They said, "Babe, you gotta fake it 'til you make it" and I did I Can Do It With a Broken Heart
100%
I'm havin' his babyNo, I'm not, but you should see your faces But Daddy I Love Him
92%
Were you sent by someone who wanted me dead? Did you sleep with a gun underneath our bed? The Smallest Man Who Ever Lived
92%
So tell me everything is not about meBut what if it is? Who's Afraid of Little Old Me?
92%
"You look like Taylor SwiftIn this light, we're lovin' it Clara Bow
90%
I took the miracle move-on drug, the effects were temporary Fortnight (feat. Post Malone)
90%
Little did you know your home's really onlyA town you're just a guest in Florida!!! (feat. Florence + The Machine)
88%
And you say I abandoned the shipBut I was going down with it So Long, London
86%
'Cause the sign on your heartSaid it's still reserved for me The Alchemy
82%
Did you take all my old clothesJust to leave me here, naked and alone Down Bad
79%
You shit-talked me under the tableTalkin' rings and talkin' cradles loml
79%
One slip and fallin' back into the hedge mazeOh, what a way to die Guilty as Sin?
78%
And who's gonna hold you like me?And who's gonna know you, if not me? The Tortured Poets Department
75%
They shake their heads sayin', "God, help her"When I tell 'em he's my man I Can Fix Him (No Really I Can)
71%
I'm queen, of sand castles he destroys, oh, oh My Boy Only Breaks His Favourite Toys
65%
Gray and blue and fights and tunnelsHandcuffed to the spell I was under Fresh Out The Slammer
63%
No matching quizzes found
Score Distribution
Percent of People with Each Score
Percentile by Number Answered
Your Score History
You have not taken this quiz